000 01002 a2200241 4500
005 20260323142520.0
008 260323b |||||||| |||| 00| 0 eng d
020 _a9788173097119 (hbk)
037 _cTB
040 _aCRL
_cCRL
041 _2hin
_ahin
_hpun
084 _aO153,1K80x 152Q4
100 _aसिंह, बख्शीश
_9863117
245 _aसूफ़ी कवि बुल्लेशाह
260 _aदिल्ली, भारत:
_bसस्ता साहित्य मण्डल प्रकाशन,
_c2014.
300 _a191पृ.
365 _b250.00
_cINR
546 _aTranslated from Punjabi to Hindi
650 _aपंजाबी कविता
_91137622
650 _aपंजाबी साहित्य
942 _cTB
_2CC
_hO153,1K80x 152Q4
999 _c1467302
_d1467302